Rocket League Vehicles (Bodies) - Statistics

General Stats
  • This quiz has been taken 115 times
  • The average score is 18 of 38
Answer Stats
Hint Answer % Correct
Default Octane
96%
DLC Dominus
90%
Default Breakout
80%
Default Road Hog
77%
CC4 Octane ZSR
73%
Default Merc
67%
DLC Batmobile
63%
CC1 Dominus GT
63%
Turbo Endo
63%
Default X-Devil
63%
DLC Takumi
61%
CC3 Breakout Type-S
59%
DLC Scarab
51%
Default Backfire
50%
CC1 Takumi RX-T
48%
Default Venom
48%
DLC Zippy
46%
Default Paladin
45%
PS4 Exclusive Sweet Tooth
45%
DLC Grog
44%
Default Gizmo
43%
Default Hotshot
43%
DLC Ripper
41%
DLC Masamune
40%
CC2 X-Devil MK2
39%
DLC Esper
37%
DLC Aftershock
34%
DLC DeLorean Time Machine
34%
XB1 Exclusive Armadillo
32%
DLC Marauder
32%
DLC Vulcan
30%
DLC Ice Charger
28%
XB1 Exclusive Hogsticker
26%
DLC Bone Shaker
23%
DLC Proteus
23%
DLC Triton
21%
DLC Twin Mill III
21%
CC2 Road Hog ZL
4%
No matching quizzes found
Score Distribution
Percent of People with Each Score
Percentile by Number Answered
Your Score History
You have not taken this quiz